| 000 | 00367nam a2200157Ia 4500 | ||
|---|---|---|---|
| 999 |
_c292 _d292 |
||
| 020 | _a0-540-010006-5 | ||
| 082 | _a307.76 ESS- | ||
| 245 | 0 | _aEssays on world urbanization | |
| 260 |
_aLondon _bGerore Philip _c1975 |
||
| 300 | _axiv, 402p. | ||
| 650 | _aEssays | ||
| 650 | _aUrbanization | ||
| 650 | _aSociology - Methodology | ||
| 700 | _aJones, Ronald | ||
| 942 | _cBK | ||